000 00566nam a22001817a 4500
005 20231114140757.0
008 231114b |||||||| |||| 00| 0 eng d
020 _a0409057673 ; 0409057681
041 _aEnglish
082 _a344.5 STU
100 _aLane, W et al.
_lEnglish
245 _aKelseys Stuart's: The Newspaper's Guide to the Law /
_cW Lane et el.
250 _aFourth Edition
260 _aDurban :
_bButterworth,
_c1986
300 _bxxv, 332 pages ;
_c25 cm.
650 _aLegal practice
_bLaw
942 _cBK
_6ALISON_BN_VRIES
999 _c636
_d636